000 00314 a2200133 4500
001 153532
040 _cEscola São Tomás de Aquino
100 _aALBERGARIA , Lino de
240 1 0 _aCaderno de segredos
_lpor
245 1 0 _aCaderno de segredos
440 1 _aSaraiva
697 _a*LITERATURA JUVENIL
942 _cBK
999 _c153532
_d153532